[Event "FICGS class C 000201 email"]
[Site "FICGS email"]
[Date "2013.12.03"]
[Round "1"]
[White "Rosas, Fabiano"]
[Black "Lemstra, Bart"]
[Result "0-1"]
[WhiteElo "1800"]
[BlackElo "1909"]
[PlyCount "62"]
[EventDate "2013.??.??"]
[EventType "tourn (corr)"]
[EventRounds "4"]
[SourceTitle "Corr 2022"]
[Source "ChessBase"]
[SourceDate "2021.10.24"]
[SourceVersion "1"]
[SourceVersionDate "2021.10.24"]
[SourceQuality "1"]

1. e4 e5 2. g3 Nc6 3. Nf3 Nf6 4. Bc4 Nxe4 5. d3 Nf6 6. 0-0 Be7 7. Re1 d6 8. Nbd2 0-0 9. Ng5 d5 10. Bb5 Bg4 11. f3 Bd7 12. f4 Bg4 13. Ndf3 Bc5+ 14. Be3 Bxe3+ 15. Rxe3 exf4 16. gxf4 Nd4 17. h3 Bxf3 18. Nxf3 Nxb5 19. Ng5 Qd6 20. Nxh7 Kxh7 21. Re5 Rfe8 22. Rh5+ Nxh5 23. Qxh5+ Qh6 24. Qf5+ Qg6+ 25. Qxg6+ Kxg6 26. a4 Nd4 27. Kg2 Re2+ 28. Kg3 Rae8 29. Rf1 R8e3+ 30. Kg4 Rg2+ 31. Kh4 Nf5# 0-1

[Event "FICGS class C 000183 email"]
[Site "FICGS email"]
[Date "2013.01.07"]
[Round "1"]
[White "Gorbatov, Valentin"]
[Black "Lemstra, Bart"]
[Result "1/2-1/2"]
[WhiteElo "1914"]
[BlackElo "1811"]
[PlyCount "72"]
[EventDate "2013.??.??"]
[EventType "tourn (corr)"]
[EventRounds "1"]
[SourceTitle "Corr 2022"]
[Source "ChessBase"]
[SourceDate "2021.10.24"]
[SourceVersion "1"]
[SourceVersionDate "2021.10.24"]
[SourceQuality "1"]

1. e4 e6 2. Nf3 d5 3. Nc3 d4 4. Ne2 c5 5. c3 Nf6 6. cxd4 Nc6 7. e5 Ne4 8. Qc2 Ng5 9. Nxg5 Qxg5 10. f4 Qg6 11. Qxg6 hxg6 12. dxc5 Bxc5 13. a3 a5 14. b3 b6 15. Bb2 Bb7 16. d4 Be7 17. Rd1 Rd8 18. h3 Na7 19. Nc3 Bh4+ 20. Ke2 Nc8 21. d5 Ne7 22. dxe6 Nf5 23. Rxd8+ Kxd8 24. Kd2 fxe6 25. Bd3 Ke7 26. Rd1 Bxg2 27. Bxf5 gxf5 28. Rg1 Bxh3 29. Rxg7+ Kf8 30. Rb7 Bd8 31. Ne2 Rh6 32. Bd4 Bg4 33. Nc3 Rh2+ 34. Kd3 Rh3+ 35. Kc4 Rf3 36. Rb8 Ke7 1/2-1/2